Presidentes de España por imagen - Estadísticas

Estadísticas generales
  • Esta prueba ha sido intentada 89 veces
  • La puntuación promedio es 6 de 7
Estadísticas de respuestas
Imagen Respuesta % Correcto
Pedro Sánchez Pérez-Castejón
99%
Mariano Rajoy Brey
97%
José María Aznar López
96%
José Luis Rodríguez Zapatero
95%
Felipe González Márquez
81%
Adolfo Suárez González
77%
Leopoldo Calvo Sotelo
57%
No se encontraron pruebas coincidentes
Distribución de puntuación
Porcentaje de gente con cada puntuación
Porcentaje por número respondido
Historial de tus puntuaciones
No has intentado esta prueba.